ការធ្វើនេសាទគ្រួសារនៅស្រុកព្រៃនប់ ក្រុងព្រះសីហនុ, (Record no. 3575)
[ view plain ]
| 000 -LEADER | |
|---|---|
| fixed length control field | 00551nam a22001577a 4500 |
| 003 - CONTROL NUMBER IDENTIFIER | |
| control field | OSt |
| 005 - DATE AND TIME OF LATEST TRANSACTION | |
| control field | 20151118102456.0 |
| 008 - FIXED-LENGTH DATA ELEMENTS--GENERAL INFORMATION | |
| fixed length control field | 151118b xxu||||| |||| 00| 0 eng d |
| 040 ## - CATALOGING SOURCE | |
| Transcribing agency | RUA |
| 082 ## - DEWEY DECIMAL CLASSIFICATION NUMBER | |
| Classification number | FIS ហ៊ីង 1993 B153 Or.1 |
| 100 ## - MAIN ENTRY--PERSONAL NAME | |
| 9 (RLIN) | 3844 |
| Personal name | ហ៊ីង សុផានណារិទ្ធ |
| 245 ## - TITLE STATEMENT | |
| Title | ការធ្វើនេសាទគ្រួសារនៅស្រុកព្រៃនប់ ក្រុងព្រះសីហនុ, |
| 260 ## - PUBLICATION, DISTRIBUTION, ETC. (IMPRINT) | |
| Place of publication, distribution, etc. | Phnom Penh |
| Name of publisher, distributor, etc. | RUA |
| Date of publication, distribution, etc. | 1993 |
| 300 ## - PHYSICAL DESCRIPTION | |
| Extent | 154p. |
| Other physical details | ill. |
| Dimensions | 29cm. |
| 942 ## - ADDED ENTRY ELEMENTS (KOHA) | |
| Source of classification or shelving scheme | |
| Koha item type | FIS |
| Price effective from | Date last seen | Permanent Location | Not for loan | Date acquired | Source of classification or shelving scheme | Koha item type | Barcode | Lost status | Damaged status | Shelving location | Withdrawn status | Current Location | Full call number |
|---|---|---|---|---|---|---|---|---|---|---|---|---|---|
| 2015-11-18 | 2015-11-18 | Library Block B | 2015-11-18 | FIS | RUA012144 | B153 | Library Block B | FIS ហ៊ីង 1993 B153 Or.1 | |||||
| 2015-11-18 | 2015-11-18 | Library Block B | 2015-11-18 | FIS | RUA012142 | B153 | Library Block B | FIS ហ៊ីង 1993 B153 Or.2 | |||||
| 2015-11-18 | 2015-11-18 | Library Block B | 2015-11-18 | FIS | RUA012070 | B153 | Library Block B | FIS ហ៊ីង 1993 B153 Or.3 | |||||
| 2015-11-18 | 2015-11-18 | Library Block B | 2015-11-18 | FIS | RUA012214 | B153 | Library Block B | FIS ហ៊ីង 1993 B153 Or.4 | |||||
| 2015-11-18 | 2015-11-18 | Library Block B | 2015-11-18 | FIS | RUA012071 | B153 | Library Block B | FIS ហ៊ីង 1993 B153 Or.5 | |||||
| 2015-11-18 | 2015-11-18 | Library Block B | 2015-11-18 | FIS | RUA012216 | B153 | Library Block B | FIS ហ៊ីង 1993 B153 Or.6 |